| 000 | 00369nam a2200145Ia 4500 | ||
|---|---|---|---|
| 008 | 230312s9999||||xx |||||||||||||| ||und|| | ||
| 020 | _a9780470568026 | ||
| 082 |
_a005.445 _bSHO-W |
||
| 100 | _aWeverka,Peter | ||
| 245 | 0 | _aWindows 10 for seniors for dummies | |
| 260 |
_bWiley _aCanada _c2009 |
||
| 300 | _a536 | ||
| 650 |
_aComputer _vOperating Systems |
||
| 942 | _cBK | ||
| 999 |
_c16541 _d16541 |
||